[Event "POL-chT3 Wielkopolskie 1516"]
[Site "Poland"]
[Date "2016.01.10"]
[Round "1.11"]
[White "Niemier, Hubert"]
[Black "Gozdziewicz, Marek"]
[Result "1-0"]
[WhiteElo "1706"]
[BlackElo "1625"]
[PlyCount "71"]
[EventDate "2016.01.10"]
[EventType "team-tourn"]
[EventRounds "11"]
[EventCountry "POL"]
[SourceTitle "EXT 2019"]
[Source "ChessBase"]
[SourceDate "2018.10.10"]
[SourceVersion "1"]
[SourceVersionDate "2018.10.10"]
[SourceQuality "1"]

1. d4 e6 2. c4 Nf6 3. Nc3 Bb4 4. a3 Bxc3+ 5. bxc3 c5 6. f3 d5 7. e3 b6 8. cxd5 Qxd5 9. Bd3 Ba6 10. Bxa6 Nxa6 11. Qa4+ Ke7 12. Qxa6 cxd4 13. cxd4 Qa5+ 14. Qxa5 bxa5 15. Bd2 a4 16. Ne2 Nd5 17. Kf2 Rab8 18. e4 Nb6 19. Rhc1 Rhc8 20. Bf4 Rb7 21. Rxc8 Nxc8 22. Rc1 Kd7 23. Rc4 Nb6 24. Rb4 Kc6 25. Nc3 a5 26. Rb5 Nd7 27. Rxb7 Kxb7 28. Nxa4 Kc6 29. Nc3 f6 30. Be3 Nb6 31. d5+ exd5 32. Bxb6 Kxb6 33. exd5 Kc5 34. Ke3 f5 35. Kf4 g6 36. Ke5 1-0